| 000 | 00393nam a2200157Ia 4500 | ||
|---|---|---|---|
| 005 | 20250423101648.0 | ||
| 008 | 250422s9999 xx 000 0 und d | ||
| 020 | _a0- 321- 37459- 2 | ||
| 050 | _aTK 6680.5 .O93974/ | ||
| 100 | _aJan Ozer | ||
| 245 | 0 | _aVisual quickstart guide pinnace studio 10 for windows | |
| 260 | _bPeachpit press | ||
| 260 | _c2006 | ||
| 300 | _a476 p | ||
| 942 | _cBK | ||
| 999 |
_c36910 _d36910 |
||